| 000 | 00938cam a22002054a 4500 | ||
|---|---|---|---|
| 005 | 20250605164034.0 | ||
| 008 | 250528s ||||||||||||||||||||||||d | ||
| 035 | _a16732 | ||
| 040 |
_aGR-AtMCL _bgre _dGR-AtMCL _eAACR2 |
||
| 245 | 1 | _aΠοιά Ολυμπιάδα; / Το Χρονικό Μίας Ιδέας Β' 'Εκδοση | |
| 250 | _a2η | ||
| 260 |
_bΠορεία, _c2001 |
||
| 300 | _a120 | ||
| 505 | 0 | _aΕισαγωγή, Γενικά, Αρχαία Εποχή, Μεσοδιάστημα, Σύγχρονη Εποχή, Όλα τα Έθνη, Επανίδρυση, Επίλογος, Βιβλιογραφία. | |
| 520 | _aΕισαγωγή, Γενικά, Αρχαία Εποχή, Μεσοδιάστημα, Σύγχρονη Εποχή, Όλα τα Έθνη, Επανίδρυση, Επίλογος, Βιβλιογραφία. | ||
| 700 | 1 |
_aΚοϊνης Ιωάννης Β _92822 |
|
| 942 | _cBK | ||
| 999 |
_c2202 _d2202 |
||